[Event "Pardubice Czech op-A 28th"]
[Site "Pardubice"]
[Date "2017.07.21"]
[Round "1"]
[White "Bunyatov, Rustam Faiq"]
[Black "Lugovskoy, Maxim"]
[Result "0-1"]
[WhiteElo "2213"]
[BlackElo "2453"]
[PlyCount "70"]
[EventDate "2017.07.21"]
[EventType "swiss"]
[EventRounds "9"]
[EventCountry "CZE"]
[SourceTitle "CBM 179 Extra"]
[Source "ChessBase"]
[SourceDate "2017.08.23"]
[SourceVersion "1"]
[SourceVersionDate "2017.08.23"]
[SourceQuality "1"]

1. e4 e6 2. d3 d5 3. Qe2 Nf6 4. e5 Nfd7 5. Nf3 c5 6. g3 Nc6 7. Bg2 Qc7 8. Bf4 Be7 9. h4 b6 10. c4 d4 11. Nbd2 Bb7 12. a3 h6 13. h5 0-0-0 14. Kf1 Kb8 15. Re1 Nf8 16. g4 Nd7 17. Bg3 a6 18. Nh4 b5 19. f4 b4 20. a4 b3 21. Nxb3 Nb4 22. Nf3 Ka7 23. Rc1 Bc6 24. Nbd2 Rb8 25. b3 f6 26. exf6 gxf6 27. Nh4 Bd6 28. Ng6 Rhg8 29. Bxc6 Qxc6 30. Kf2 Nf8 31. Nxf8 Rbxf8 32. Ne4 Bc7 33. Rhg1 f5 34. gxf5 exf5 35. Nd2 Re8 0-1

[Event "Lvov Tradition IM 01"]
[Site "Lvov"]
[Date "2017.01.26"]
[Round "6"]
[White "Golubka, Petr"]
[Black "Bunyatov, Rustam Faiq"]
[Result "1/2-1/2"]
[WhiteElo "2413"]
[BlackElo "2254"]
[PlyCount "89"]
[EventDate "2017.01.23"]
[EventType "tourn"]
[EventRounds "9"]
[EventCountry "UKR"]
[EventCategory "1"]
[SourceTitle "CBM 176 Extra"]
[Source "ChessBase"]
[SourceDate "2017.03.02"]
[SourceVersion "1"]
[SourceVersionDate "2017.03.02"]
[SourceQuality "1"]

1. e4 e5 2. Nf3 Nc6 3. Bb5 a6 4. Ba4 Nf6 5. 0-0 Be7 6. Re1 b5 7. Bb3 d6 8. c3 0-0 9. d4 Bg4 10. d5 Na5 11. Bc2 c6 12. h3 Bd7 13. Nxe5 dxe5 14. d6 Bxd6 15. Qxd6 Nc4 16. Qd3 Be6 17. Qg3 Nd7 18. b3 Ncb6 19. f4 exf4 20. Bxf4 f6 21. Nd2 Ne5 22. Nf3 Nxf3+ 23. gxf3 Ra7 24. Rad1 Rd7 25. h4 Rff7 26. Qf2 Rxd1 27. Rxd1 Rd7 28. Rxd7 Nxd7 29. Qd4 Qa5 30. Qb4 Qb6+ 31. Qd4 Qa5 32. a4 bxa4 33. bxa4 Qh5 34. Qd6 Kf7 35. Kg2 Qxh4 36. Bg3 Qg5 37. Bb3 Bxb3 38. Qxd7+ Kg6 39. Qe8+ Bf7 40. Qxc6 h5 41. e5 Qd2+ 42. Bf2 Qg5+ 43. Bg3 Qd2+ 44. Bf2 Qg5+ 45. Bg3 1/2-1/2

[Event "Krakow op-A 27th"]
[Site "Krakow"]
[Date "2017.01.03"]
[Round "8"]
[White "Bunyatov, Rustam Faiq"]
[Black "Goluch, Piotr"]
[Result "0-1"]
[WhiteElo "2254"]
[BlackElo "2291"]
[PlyCount "114"]
[EventDate "2016.12.27"]
[EventType "swiss"]
[EventRounds "9"]
[EventCountry "POL"]
[SourceTitle "CBM 176 Extra"]
[Source "ChessBase"]
[SourceDate "2017.03.02"]
[SourceVersion "1"]
[SourceVersionDate "2017.03.02"]
[SourceQuality "1"]

1. Nf3 Nf6 2. g3 c5 3. Bg2 Nc6 4. 0-0 g6 5. b3 Bg7 6. Bb2 d5 7. d3 0-0 8. Nbd2 Qc7 9. e4 d4 10. Nh4 e5 11. h3 Bd7 12. f4 Nh5 13. Qf3 exf4 14. gxf4 Bh6 15. Rf2 Bxf4 16. Nf1 Qd8 17. Nf5 Qg5 18. h4 Qd8 19. Bc1 Ne5 20. Qe2 Bxc1 21. Rxc1 Nf6 22. Nh6+ Kg7 23. Qd2 Nh5 24. Nh2 Qxh4 25. Nf3 Nxf3+ 26. Rxf3 Ng3 27. Qe1 Qxh6 28. Rxg3 Rae8 29. c3 Qf4 30. cxd4 cxd4 31. Rc4 Rc8 32. Rf3 Qe5 33. Qb4 Rxc4 34. bxc4 b6 35. Bh3 Qg5+ 36. Kh2 Bxh3 37. Rxh3 Qf4+ 38. Kg2 Re8 39. Rf3 Qg4+ 40. Kf2 Qh4+ 41. Ke2 Qh2+ 42. Rf2 Qh5+ 43. Kd2 Qc5 44. Qa4 Re7 45. Rf1 Qg5+ 46. Kd1 Qg4+ 47. Kc1 Qe2 48. Rd1 a5 49. Rd2 Qe1+ 50. Kc2 Re5 51. Qb3 b5 52. Qb2 Qe3 53. Qb3 Rg5 54. Rh2 b4 55. a3 Qe1 56. Rd2 Rg1 57. Qb2 Qxd2+ 0-1

[Event "Krakow op-A 27th"]
[Site "Krakow"]
[Date "2016.12.27"]
[Round "1"]
[White "Baklan, Vladimir"]
[Black "Bunyatov, Rustam Faiq"]
[Result "1/2-1/2"]
[WhiteElo "2609"]
[BlackElo "2254"]
[PlyCount "128"]
[EventDate "2016.12.27"]
[EventType "swiss"]
[EventRounds "9"]
[EventCountry "POL"]
[SourceTitle "CBM 176 Extra"]
[Source "ChessBase"]
[SourceDate "2017.03.02"]
[SourceVersion "1"]
[SourceVersionDate "2017.03.02"]
[SourceQuality "1"]

1. e4 c5 2. Nf3 d6 3. d4 cxd4 4. Nxd4 Nf6 5. Nc3 a6 6. h3 b5 7. g4 Bb7 8. Bg2 e6 9. 0-0 Qc7 10. Re1 Be7 11. g5 Nfd7 12. Nce2 Nc5 13. Ng3 Nc6 14. c3 Ne5 15. f4 Ned3 16. Rf1 Nxc1 17. Rxc1 g6 18. Qd2 e5 19. b4 Nd7 20. Nf3 exf4 21. Qxf4 0-0 22. h4 Ne5 23. Nxe5 dxe5 24. Qe3 Rad8 25. Rcd1 Bc8 26. Bf3 Be6 27. Rf2 Rc8 28. Rd3 Rfd8 29. Rxd8+ Bxd8 30. Rc2 Qd6 31. Kg2 Bb6 32. Qc1 Ba7 33. Qd1 Qb6 34. Qe1 Rd8 35. Nh1 Qc7 36. Nf2 Qd7 37. Qe2 h5 38. gxh6 Qe7 39. Bg4 Bc4 40. Qf3 Qxh4 41. Qh3 Qg5 42. Qg3 Qxh6 43. Be2 Bxe2 44. Rxe2 Rd2 45. Qf3 Qg5+ 46. Kh3 Rxe2 47. Qxe2 Qh6+ 48. Kg2 Bxf2 49. Qxf2 Qf4 50. Qc2 f5 51. Qb3+ Kg7 52. exf5 Qd2+ 53. Kg1 Qg5+ 54. Kf1 gxf5 55. Qe6 Qf6 56. Qd7+ Qf7 57. Qd8 Kg6 58. Qb6+ Qf6 59. Qg1+ Qg5 60. Qb6+ Qf6 61. Qg1+ Kh5 62. Qh2+ Kg4 63. Qg2+ Kh5 64. Qh2+ Kg6 1/2-1/2

[Event "EU-ch U18 26th"]
[Site "Prague"]
[Date "2016.08.27"]
[Round "9"]
[White "Bunyatov, Rustam Faiq"]
[Black "Huber, Martin Christian"]
[Result "1/2-1/2"]
[WhiteElo "2230"]
[BlackElo "2377"]
[PlyCount "62"]
[EventDate "2016.08.18"]
[EventType "swiss"]
[EventRounds "9"]
[EventCountry "CZE"]
[SourceTitle "CBM 174 Extra"]
[Source "ChessBase"]
[SourceDate "2016.10.10"]
[SourceVersion "1"]
[SourceVersionDate "2016.10.10"]
[SourceQuality "1"]

1. e4 e6 2. d4 d5 3. Nd2 c5 4. Ngf3 cxd4 5. Nxd4 Nf6 6. Bb5+ Bd7 7. exd5 Nxd5 8. 0-0 Bxb5 9. Nxb5 a6 10. Nd4 Be7 11. N2f3 0-0 12. c4 Nf6 13. b3 Nbd7 14. Bb2 Qc7 15. Qe2 Rfe8 16. Rfd1 Bf8 17. Rac1 g6 18. Nc2 Bh6 19. Ne3 e5 20. Rc2 e4 21. Bxf6 Nxf6 22. Nd4 Rad8 23. Rcd2 Bf4 24. h3 Bh2+ 25. Kh1 Bd6 26. Ndc2 Qe7 27. Nd5 Nxd5 28. Rxd5 Bf4 29. Ne3 Rxd5 30. Rxd5 f5 31. g3 Bxe3 1/2-1/2

[Event "EU-ch U18 26th"]
[Site "Prague"]
[Date "2016.08.18"]
[Round "1"]
[White "Ozcan, Kadir Kutay"]
[Black "Bunyatov, Rustam Faiq"]
[Result "0-1"]
[WhiteElo "1808"]
[BlackElo "2230"]
[PlyCount "104"]
[EventDate "2016.08.18"]
[EventType "swiss"]
[EventRounds "9"]
[EventCountry "CZE"]
[SourceTitle "CBM 174 Extra"]
[Source "ChessBase"]
[SourceDate "2016.10.10"]
[SourceVersion "1"]
[SourceVersionDate "2016.10.10"]
[SourceQuality "1"]

1. e4 c5 2. Nf3 d6 3. c3 Nf6 4. Bd3 g6 5. 0-0 Bg7 6. Bc2 0-0 7. d4 cxd4 8. cxd4 Bg4 9. h3 Bxf3 10. Qxf3 Nc6 11. Rd1 Nd7 12. Be3 Qb6 13. Bb3 Bxd4 14. Nc3 Bxe3 15. fxe3 Nce5 16. Qg3 Nc5 17. Nd5 Qd8 18. Bc2 Rc8 19. Rac1 Ncd3 20. Bxd3 Rxc1 21. Be2 Rxd1+ 22. Bxd1 e6 23. Nc3 b5 24. Nxb5 Qb6 25. Nd4 Qxb2 26. Bb3 Nd3 27. Qxd6 Qf2+ 28. Kh2 Ne1 29. Qg3 Qxg3+ 30. Kxg3 Nd3 31. Nc6 a6 32. Bc4 Nc5 33. Kf4 Kg7 34. Ke5 Rc8 35. Kd6 Nxe4+ 36. Kd7 Ra8 37. Kc7 a5 38. Kb7 Nd6+ 39. Kxa8 Nxc4 40. Kb7 a4 41. Ka6 Nxe3 42. Kb5 Nxg2 43. Kxa4 f5 44. Kb5 f4 45. Ne5 Kf6 46. Ng4+ Ke7 47. Kc4 Ne3+ 48. Nxe3 fxe3 49. Kd3 g5 50. Kxe3 h5 51. Ke4 Kd6 52. a3 Kc5 0-1

[Event "Panevezys IM"]
[Site "Panevezys"]
[Date "2016.06.09"]
[Round "6"]
[White "Gurbanov, Andrei"]
[Black "Bunyatov, Rustam Faiq"]
[Result "1/2-1/2"]
[WhiteElo "2340"]
[BlackElo "2227"]
[PlyCount "228"]
[EventDate "2016.06.06"]
[EventType "tourn"]
[EventRounds "9"]
[EventCountry "LTU"]
[EventCategory "2"]
[SourceTitle "CBM 172 Extra"]
[Source "ChessBase"]
[SourceDate "2016.06.21"]
[SourceVersion "1"]
[SourceVersionDate "2016.06.21"]
[SourceQuality "1"]

1. d4 Nf6 2. c4 g6 3. Nc3 Bg7 4. e4 0-0 5. Bd3 d6 6. Nge2 e5 7. d5 Nfd7 8. 0-0 f5 9. exf5 gxf5 10. f4 e4 11. Bc2 Nf6 12. h3 Kh8 13. Be3 Rg8 14. Nd4 Qe8 15. b4 Na6 16. a3 Qg6 17. Rf2 Ne8 18. Nde2 Bd7 19. Bd4 Bxd4 20. Qxd4+ Qf6 21. Nd1 Rg6 22. Ne3 h5 23. Rc1 Qxd4 24. Nxd4 Ng7 25. Bd1 Rg3 26. Rc3 Rf8 27. h4 Rg6 28. Rb2 Rgf6 29. Be2 Nb8 30. c5 c6 31. dxc6 dxc5 32. Rxc5 Nxc6 33. Nxc6 Rxc6 34. Rxc6 Bxc6 35. b5 Be8 36. Rc2 Ne6 37. Rc8 Nxf4 38. Bc4 Ng6 39. Nxf5 Bd7 40. Rxf8+ Nxf8 41. Nd6 Ng6 42. g3 Ne5 43. Be2 Nf3+ 44. Bxf3 exf3 45. a4 b6 46. Kf2 Bg4 47. Nf7+ Kg7 48. Ne5 Kf6 49. Nc6 Be6 50. Nxa7 Bb3 51. Kxf3 Kf5 52. Nc8 Bxa4 53. Nxb6 Bxb5 54. Ke3 Kg4 55. Kf2 Kf5 56. Nd5 Be8 57. Ne3+ Ke4 58. Nc4 Bg6 59. Ke2 Kd4 60. Nd2 Be4 61. Nb3+ Ke5 62. Ke3 Bc2 63. Nd4 Bd1 64. Nc6+ Kf5 65. Ne7+ Ke5 66. Ng6+ Kf5 67. Nf4 Kg4 68. Kf2 Kf5 69. Nd5 Ke5 70. Ne3 Bb3 71. Kf3 Be6 72. Nc2 Bg4+ 73. Ke3 Bd1 74. Nd4 Bg4 75. Nc6+ Kd5 76. Nb4+ Ke5 77. Nd3+ Kf6 78. Kf4 Bh3 79. Nf2 Bf5 80. Nd1 Bd7 81. Ne3 Be6 82. Ke4 Bf7 83. Nd1 Bg6+ 84. Kf4 Be8 85. Ne3 Bf7 86. Nf5 Bd5 87. Nd6 Bc6 88. Nc4 Bd5 89. Ne5 Be6 90. Nd3 Bd5 91. Nb4 Bb7 92. Nd3 Bd5 93. Nc5 Bc6 94. Na6 Bd5 95. Nb8 Be6 96. Nc6 Bc8 97. Nd4 Bd7 98. Nf3 Be8 99. Nd2 Bc6 100. Nc4 Bd5 101. Ne3 Be6 102. Ke4 Bf7 103. Nd1 Bg6+ 104. Kf4 Be8 105. Nc3 Bc6 106. Ne4+ Bxe4 107. Kxe4 Ke6 108. Kd4 Kf5 109. Ke3 Ke5 110. Kf2 Kf5 111. Kf3 Ke5 112. Ke3 Kf5 113. Kf3 Ke5 114. Ke3 Kf5 1/2-1/2

[Event "Panevezys IM"]
[Site "Panevezys"]
[Date "2016.06.06"]
[Round "1"]
[White "Stremavicius, Titas"]
[Black "Bunyatov, Rustam Faiq"]
[Result "1-0"]
[WhiteElo "2446"]
[BlackElo "2227"]
[PlyCount "57"]
[EventDate "2016.06.06"]
[EventType "tourn"]
[EventRounds "9"]
[EventCountry "LTU"]
[EventCategory "2"]
[SourceTitle "CBM 172 Extra"]
[Source "ChessBase"]
[SourceDate "2016.06.21"]
[SourceVersion "1"]
[SourceVersionDate "2016.06.21"]
[SourceQuality "1"]

1. d4 Nf6 2. c4 g6 3. Nc3 Bg7 4. e4 0-0 5. Bd3 c6 6. Nge2 d5 7. e5 Nfd7 8. cxd5 cxd5 9. h4 Nc6 10. h5 Nb6 11. Be3 Nb4 12. Bb1 Nc4 13. Qc1 Nxe3 14. Qxe3 Be6 15. f4 Qd7 16. Ng3 Rfc8 17. h6 Bf8 18. f5 Bxf5 19. Nxf5 gxf5 20. Qg5+ Kh8 21. Bxf5 Qd8 22. Bxc8 Rxc8 23. 0-0 Qb6 24. Rxf7 Bxh6 25. Qxe7 Qxd4+ 26. Kh1 Kg8 27. Rf3 Qg4 28. Rh3 Bg7 29. Rh4 1-0

[Event "Lvov Tradition IM-B 04"]
[Site "Lvov"]
[Date "2016.04.29"]
[Round "8"]
[White "Golubka, Petr"]
[Black "Bunyatov, Rustam Faiq"]
[Result "1/2-1/2"]
[WhiteElo "2393"]
[BlackElo "2263"]
[PlyCount "67"]
[EventDate "2016.04.25"]
[EventType "tourn"]
[EventRounds "9"]
[EventCountry "UKR"]
[EventCategory "1"]
[SourceTitle "CBM 172 Extra"]
[Source "ChessBase"]
[SourceDate "2016.06.21"]
[SourceVersion "1"]
[SourceVersionDate "2016.06.21"]
[SourceQuality "1"]

1. e4 e5 2. Nf3 Nc6 3. Bb5 Nge7 4. c3 a6 5. Ba4 g6 6. h4 h6 7. d4 exd4 8. cxd4 b5 9. Bb3 Bg7 10. Nc3 d6 11. h5 g5 12. Be3 Na5 13. d5 Nxb3 14. axb3 Bg4 15. Qd2 c5 16. dxc6 Nxc6 17. Nd4 Ne7 18. f3 Bd7 19. Nc2 Be6 20. Nb4 Bxb3 21. Rxa6 Rxa6 22. Nxa6 Bc4 23. b3 b4 24. Nxb4 Bxb3 25. Bd4 Bxd4 26. Qxd4 0-0 27. 0-0 Qc7 28. Rb1 Bc4 29. Ra1 Qc5 30. Qxc5 dxc5 31. Nbd5 Bxd5 32. exd5 Rd8 33. Ne4 f5 34. d6 1/2-1/2

[Event "Lvov Tradition IM-B 04"]
[Site "Lvov"]
[Date "2016.04.27"]
[Round "5"]
[White "Rozycki, Bartlomiej"]
[Black "Bunyatov, Rustam Faiq"]
[Result "0-1"]
[WhiteElo "2135"]
[BlackElo "2263"]
[PlyCount "112"]
[EventDate "2016.04.25"]
[EventType "tourn"]
[EventRounds "9"]
[EventCountry "UKR"]
[EventCategory "1"]
[SourceTitle "CBM 172 Extra"]
[Source "ChessBase"]
[SourceDate "2016.06.21"]
[SourceVersion "1"]
[SourceVersionDate "2016.06.21"]
[SourceQuality "1"]

1. e4 c5 2. Nf3 d6 3. d4 cxd4 4. Qxd4 a6 5. c4 Nc6 6. Qe3 g6 7. h3 Bg7 8. Be2 Nf6 9. 0-0 0-0 10. Nc3 Bd7 11. Rb1 Rc8 12. b3 Nh5 13. Bb2 f5 14. exf5 Bxf5 15. Rbd1 Bd7 16. c5 dxc5 17. Bc4+ Kh8 18. Ng5 Nd4 19. Ne2 e5 20. Nf7+ Rxf7 21. Bxf7 Bc6 22. f4 Qc7 23. fxe5 Nxe2+ 24. Qxe2 Ng3 25. Qf2 Nxf1 26. Rxf1 Qe7 27. e6 Rd8 28. Bxg7+ Kxg7 29. Qg3 Rd5 30. h4 Kh6 31. Qe3+ Kg7 32. Qg3 Kh6 33. Qe3+ Kg7 34. Qc3+ Rd4 35. b4 Qxh4 36. bxc5 Qg4 37. Qb2 Kh6 38. e7 Re4 39. Rf3 Re1+ 40. Kf2 Qh4+ 41. Rg3 Rxe7 42. Qd2+ Kg7 43. Bb3 Rd7 44. Qc3+ Qd4+ 45. Qxd4+ Rxd4 46. Ke3 Re4+ 47. Kd3 Re5 48. Kd4 Kf6 49. Rg4 Rf5 50. Rh4 h5 51. g3 Rf3 52. Bd5 Rxg3 53. Rf4+ Kg5 54. Rf7 Rg1 55. Bxc6 bxc6 56. Rc7 h4 0-1

[Event "Lvov Tradition IM-B 04"]
[Site "Lvov"]
[Date "2016.04.26"]
[Round "3"]
[White "Frolov, Artur"]
[Black "Bunyatov, Rustam Faiq"]
[Result "1-0"]
[WhiteElo "2458"]
[BlackElo "2263"]
[PlyCount "83"]
[EventDate "2016.04.25"]
[EventType "tourn"]
[EventRounds "9"]
[EventCountry "UKR"]
[EventCategory "1"]
[SourceTitle "CBM 172 Extra"]
[Source "ChessBase"]
[SourceDate "2016.06.21"]
[SourceVersion "1"]
[SourceVersionDate "2016.06.21"]
[SourceQuality "1"]

1. e4 c5 2. Nf3 d6 3. d4 cxd4 4. Nxd4 Nf6 5. Nc3 g6 6. Be3 Bg7 7. f3 a6 8. Qd2 h5 9. a4 Nbd7 10. h3 Qc7 11. Rd1 Ne5 12. Nd5 Qd8 13. Be2 Bd7 14. a5 Rc8 15. Nb6 Rc7 16. 0-0 0-0 17. c4 Nc6 18. Nxc6 Rxc6 19. e5 Ne8 20. f4 Be6 21. Bf3 Qc7 22. Bxc6 Qxc6 23. Nd5 Bxd5 24. cxd5 Qb5 25. f5 Bxe5 26. Bh6 Ng7 27. fxg6 fxg6 28. Rxf8+ Kxf8 29. Qd3 Qxd3 30. Rxd3 Bxb2 31. Rb3 Bd4+ 32. Kf1 Kf7 33. Bxg7 Bxg7 34. Ke2 Bd4 35. Kd2 Kf6 36. Rxb7 Ke5 37. Rb6 Kxd5 38. Rxa6 e5 39. Ra8 Bc5 40. Rb8 Kc6 41. a6 d5 42. Rc8+ 1-0

[Event "Lvov Tradition 02"]
[Site "Lvov"]
[Date "2016.02.26"]
[Round "6"]
[White "Anwesh, Upadhyaya"]
[Black "Bunyatov, Rustam Faiq"]
[Result "1-0"]
[WhiteElo "2399"]
[BlackElo "2215"]
[PlyCount "151"]
[EventDate "2016.02.23"]
[EventType "tourn"]
[EventRounds "9"]
[EventCountry "UKR"]
[EventCategory "1"]
[SourceTitle "CBM 171 Extra"]
[Source "ChessBase"]
[SourceDate "2016.04.26"]
[SourceVersion "1"]
[SourceVersionDate "2016.04.26"]
[SourceQuality "1"]

1. Nf3 Nf6 2. d4 g6 3. g3 Bg7 4. Bg2 0-0 5. 0-0 d6 6. c4 c6 7. Nc3 Bf5 8. Ne1 Qc8 9. e4 Bh3 10. Bxh3 Qxh3 11. f3 a6 12. a4 a5 13. Be3 Na6 14. Nd3 Qd7 15. Kg2 Rfd8 16. Qe2 Ne8 17. Rad1 Nec7 18. c5 dxc5 19. Nxc5 Nxc5 20. dxc5 Qe6 21. Rxd8+ Rxd8 22. Rd1 Qc8 23. f4 Rd7 24. e5 Qd8 25. Rxd7 Qxd7 26. Qd2 Qxd2+ 27. Bxd2 f6 28. Ne4 fxe5 29. Bxa5 Nd5 30. fxe5 Bxe5 31. b3 Bd4 32. Kf3 Nf6 33. Bb4 Nxe4 34. Kxe4 Bg1 35. h3 Kf7 36. Ba3 Ke6 37. b4 Bf2 38. g4 Be1 39. b5 Kd7 40. Bb2 Bd2 41. Bd4 Ke6 42. Bf2 Kd7 43. Bg3 Bb4 44. Kd4 Bd2 45. Be5 Be1 46. Kc4 Bd2 47. Bc3 Bf4 48. Kb4 Bg3 49. Bd2 Bh2 50. Bg5 h5 51. Kc4 hxg4 52. hxg4 Bg1 53. Bf4 b6 54. cxb6 Bxb6 55. Kb4 cxb5 56. Kxb5 Bd4 57. Kc4 e5 58. Bd2 Kc6 59. Bc3 Be3 60. Bxe5 Kb7 61. Bd4 Bd2 62. Kb5 Bg5 63. a5 Bd2 64. a6+ Ka8 65. Kc6 g5 66. Kd5 Bc1 67. Ke4 Bd2 68. Be3 Bb4 69. Kf5 Bc3 70. Kxg5 Ba5 71. Kf5 Bd8 72. Bd4 Bh4 73. Bf6 Be1 74. g5 Bd2 75. g6 Bh6 76. Bg5 1-0

[Event "Lvov Tradition 02"]
[Site "Lvov"]
[Date "2016.02.24"]
[Round "3"]
[White "Bunyatov, Rustam Faiq"]
[Black "Martynkova, Olena"]
[Result "1-0"]
[WhiteElo "2215"]
[BlackElo "2245"]
[PlyCount "87"]
[EventDate "2016.02.23"]
[EventType "tourn"]
[EventRounds "9"]
[EventCountry "UKR"]
[EventCategory "1"]
[SourceTitle "CBM 171 Extra"]
[Source "ChessBase"]
[SourceDate "2016.04.26"]
[SourceVersion "1"]
[SourceVersionDate "2016.04.26"]
[SourceQuality "1"]

1. c4 Nf6 2. Nc3 g6 3. g3 Bg7 4. Bg2 0-0 5. d3 d6 6. e3 e5 7. Nge2 c6 8. e4 Nbd7 9. 0-0 a5 10. h3 Nc5 11. f4 h5 12. Be3 Qe7 13. Qd2 Nh7 14. Rf2 h4 15. g4 exf4 16. Nxf4 Ne6 17. Nxe6 Bxe6 18. Raf1 a4 19. Ne2 b5 20. cxb5 cxb5 21. a3 Rac8 22. Nd4 Bd7 23. Nf3 Bc6 24. Nd4 Bd7 25. Qb4 Be5 26. Bh6 Bg3 27. Rf3 Ng5 28. Rf6 Qe5 29. Ne2 Nh7 30. d4 Qe8 31. Nxg3 Nxf6 32. Rxf6 hxg3 33. Qxd6 Rc2 34. Bxf8 Rc6 35. Qxg3 Rxf6 36. Bb4 Rc6 37. Bc3 Rc4 38. d5 Rxe4 39. Qh4 f6 40. Qxf6 Re1+ 41. Kh2 Qe7 42. Qh8+ Kf7 43. Qg7+ Ke8 44. Qg8+ 1-0

[Event "Lvov Maksym Yusupov Memorial 4th"]
[Site "Lvov"]
[Date "2016.01.26"]
[Round "3"]
[White "Bunyatov, Rustam Faiq"]
[Black "Kiolbasa, Oliwia"]
[Result "0-1"]
[WhiteElo "2198"]
[BlackElo "2236"]
[PlyCount "112"]
[EventDate "2016.01.25"]
[EventType "tourn"]
[EventRounds "11"]
[EventCountry "UKR"]
[EventCategory "2"]
[SourceTitle "CBM 170 Extra"]
[Source "ChessBase"]
[SourceDate "2016.02.25"]
[SourceVersion "1"]
[SourceVersionDate "2016.02.25"]
[SourceQuality "1"]

1. c4 c5 2. Nc3 Nc6 3. g3 g6 4. Bg2 Bg7 5. d3 d6 6. e3 e5 7. Nge2 Nge7 8. 0-0 0-0 9. Rb1 Rb8 10. a3 a5 11. Nd5 b5 12. cxb5 Rxb5 13. Nec3 Rb8 14. Bd2 Ba6 15. Nxe7+ Nxe7 16. Nd5 Nxd5 17. Bxd5 a4 18. Bc3 Qd7 19. Re1 Rfe8 20. Rc1 Bb7 21. Bxb7 Rxb7 22. e4 Rd8 23. Qf3 h5 24. Rcd1 Bh6 25. Kg2 Qe6 26. Qe2 Bg7 27. Qc2 Qd7 28. Qe2 Rf8 29. Rf1 f5 30. exf5 Rxf5 31. h4 d5 32. Rc1 Qb5 33. Rc2 Rbf7 34. f3 Kh7 35. Rf2 Rf8 36. Bd2 Re8 37. Be3 Bf8 38. Bg5 Rf7 39. Rd2 Bd6 40. Qd1 Ref8 41. Qh1 Qb7 42. Qh3 Bc7 43. Rde2 Qa6 44. Rd2 Ba5 45. Rd1 e4 46. dxe4 dxe4 47. Rd7 exf3+ 48. Kh2 Qc6 49. Rxf7+ Rxf7 50. Qf1 Qe4 51. Bf4 Rxf4 52. gxf4 Qxf4+ 53. Kh1 Qxh4+ 54. Rh2 Qe4 55. Qf2 Be1 56. Qf1 Bg3 0-1